| 000 | 01029nas a2200337 4500 | ||
|---|---|---|---|
| 001 | BR2012002025 | ||
| 003 | BR-BrBNA | ||
| 005 | 20231205120338.0 | ||
| 007 | ta | ||
| 008 | 230509b bl.|||p| |||| 00| 00por d | ||
| 040 |
_aBR-BrBNA _bpor _cBiblioteca Nacional de Agricultura |
||
| 041 | _a(Pt) | ||
| 072 | _aL70; L74 | ||
| 100 | 1 | _aToríbio, J.M. de M.L. | |
| 100 | 1 | _aCosta Neto, J.M. da | |
| 100 | 1 | _aBavia, M.E. | |
| 100 | 1 | _aLima, A.E. da S. | |
| 100 | 1 | _aCardim, L.L. | |
| 100 | 1 | _aCarneiro, D.D.M.T. | |
| 100 | 1 | _aMartins Filho, E.F. | |
| 100 | 1 | _aRibeiro, L.G.R. | |
| 245 | 1 | _aDetecção de aglomerados espaciais de casos de neoplasia mamária em cães no município de Salvador, Bahia | |
| 650 | _aCÃO | ||
| 650 | _aVETERINÁRIA | ||
| 650 | _aSANIDADE ANIMAL | ||
| 650 | _aDISTÚRBIO FISIOLÓGICO | ||
| 650 | _aNEOPLASIA | ||
| 773 | 0 |
_tCiência Rural (Brazil) _xISSN 0103-8478 _g(Jan 2012), v. 42(1) p. 98-104 _wBR2012002025 |
|
| 909 |
_a202311 _bLúcia _c55 _dLúcia Elande |
||
| 942 |
_2AGRIS _n0 _cANA |
||
| 999 |
_c218050 _d218050 |
||